00817nam a22002537a 4500003000900000005001700009007000300026008003400029020001800063040003000081082002700111100003400138245005600172264003300228300002900261336002700290337003500317338003000352490004400382586003400426650002300460650003600483830004400519DO-SdBPM20260217102738.0ta171117b1997 sp |||| 00| 0 spa d a9788408020813 aDO-SdBPMbspacBPMSUerda 4a863.6 bR565m 19972221 aRigalt, Carmeneautor 4aut. 10aMi corazón que baila con espigas /cCarmen Rigalt aBarcelona :bPlaneta,c1997. a228 páginas ;c23 cm. atextobtxt2rdacontent asin mediación bn2rdamedia  avolumen bnc2rdacarrier 0 aAutores españoles e hispanoamericanos aFinalista Premio Planeta 1997 7a Novela española 7aRelaciones de parejas vNovelas 0aAutores españoles e hispanoamericanos